Logo BPK

Biblioteka

Politechniki Koszalińskiej

Inspiration / (Rekord nr 41232)

Szczegóły MARC
000 -ETYKIETA REKORDU
podpole kontrolne o stałej długości 00589nam a2200205 i 4500
001 - NUMER KONTROLNY REKORDU
pole kontrolne bgj
020 ## - MIĘDZYNARODOWY ZNORMALIZOWANY NUMER KSIĄŻKI - ISBN
ISBN 1405029390
040 ## - ŹRÓDŁO KATALOGOWANIA
Instytucja, która utworzyła rekord BPK
041 0# - KOD JĘZYKA
Kod języka tekstu eng
920 ## - Międzynarodowy znormalizowany numer książki – ISBN
ISBN 1-4050-2939-0
008 - POLE O STAŁEJ DŁUGOŚCI - DANE KONTROLNE
podpole kontrolne o stałej długości s uk f |000 0 eng
100 1# - NAZWA OSOBOWA
Nazwa osobowa GARTON-SPRENGER, Judy
245 10 - TYTUŁ/ODPOWIEDZIALNOŚĆ
Tytuł Inspiration /
Pozostałe elementy strefy tytułu i oznaczenia odpowiedzialności Judy Garton-Sprenger, Philip Prowse.
260 ## - STREFA ADRESU WYDAWNICZEGO
Miejsce wydania London :
Nazwa wydawcy/dystrybutora Macmillan,
Data publikacji, dystrybucji/powstania dokumentu c. 2005.
300 ## - STREFA OPISU FIZYCZNEGO
Objętość compact disc :
Inne cechy fizyczne total time 57'15''.
650 #9 - HASŁO PRZEDMIOTOWE W FORMIE NAZWY OGÓLNEJ LUB JEDNOSTKOWEJ
Nazwa ogólna lub geograficzna English language
Określnik ogólny Secondary schools
-- A1
-- A2
655 ## - TERMIN INDEKSOWY - OKREŚLENIE RODZAJU/FORMY DOKUMENTU
Określenie rodzaju/formy dokumentu Textbooks for foreigners
700 1# - HASŁO DODATKOWE - NAZWA OSOBOWA
Nazwa osobowa PROWSE, Philip.
Określenie związku między hasłem a opisywanym materiałem co-author
942 ## - DODATKOWE ELEMENTY (KOHA)
Typ dokumentu Płyta CD
Egzemplarze
Wycofany Status egzemplarza Uszkodzony Dostępność Lokalizacja stała Lokalizacja bieżąca Miejsce przechowywania Sygnatura Kod kreskowy Typ dokumentu
      Dostępny Biblioteka Politechniki Koszalińskiej Biblioteka Politechniki Koszalińskiej Wypożyczalnia BG CDA 190 09042308 Płyta CD
© 2023 Biblioteka Politechniki Koszalińskiej :: KOHA